Reading for a Reason Expanding Reading Skills Level 2

Wedi'i Gadw mewn:
Manylion Llyfryddiaeth
Prif Awdur: Blass, Laurie
Awduron Eraill: Whalley, Elizabeth
Fformat: Llyfr
Iaith:Undetermined
Cyhoeddwyd: New York McGraw-Hill 2006
Pynciau:
Mynediad Ar-lein:http://lrc.tdmu.edu.vn/opac/search/detail.asp?aID=2&ID=16143
Tagiau: Ychwanegu Tag
Dim Tagiau, Byddwch y cyntaf i dagio'r cofnod hwn!
Thư viện lưu trữ: Trung tâm Học liệu Trường Đại học Thủ Dầu Một
LEADER 00672nam a2200229Ia 4500
001 TDMU_16143
008 210410s9999 xx 000 0 und d
082 |a 428.84 
090 |b B109 
100 |a Blass, Laurie 
245 0 |a Reading for a Reason 
245 0 |b Expanding Reading Skills 
245 0 |c Laurie Blass, Elizabeth Whalley 
245 0 |n Level 2 
260 |a New York 
260 |b McGraw-Hill 
260 |c 2006 
300 |a xviii, 252 p. 
650 |a English; Tiếng Anh 
700 |a Whalley, Elizabeth 
856 |u http://lrc.tdmu.edu.vn/opac/search/detail.asp?aID=2&ID=16143 
980 |a Trung tâm Học liệu Trường Đại học Thủ Dầu Một